00714nam a2200241 a 4500001001300000003000900013005001700022008004100039020000800080082001700088100002300105245004100128260003500169300000900204500003500213505003300248650002700281700002300308902000800331942000700339952011300346999001300459nice12345678IN_TiNIC20260116011301.0050524s1955 dela grp 000 0 urd  ac300a891.41bMUN1 aMunawwar, Lucknawo aBhagwat Gita Manzum Or Nasim-E-Irfan aDelhibAdarsh Kitab Gharc1955 a258p aincludes index and biblioraphy2 abound volumes of periodicals aReligious Poetry-Hindu1 aMunawwar, Lucknawo bSRS cBK 001040708StackRoom-aHMIbHMId2007-06-20g3.00l0o891.41 MUN1p02349r2007-06-20v3.00w2005-05-24yBK c165d165